Let Me Go - Benson Boone (All Lyrics) - Statistics

General Stats
  • This quiz has been taken 73 times
  • The average score is 186 of 229
Answer Stats
Answer % Correct
I
100%
you
100%
go
98%
in
98%
In
98%
let
98%
me
98%
the
98%
a
95%
it
95%
It
95%
on
95%
your
95%
and
90%
If
90%
make
90%
my
90%
of
90%
so
90%
So
90%
that
90%
up
90%
love
88%
wake
88%
wish
88%
reason
85%
words
85%
be
83%
breath
83%
doesn't
83%
doesnt
83%
just
83%
over
83%
You're
83%
choke
80%
cut
80%
it's
80%
lump
80%
wasn't
80%
but
78%
don't
78%
feeling
78%
I'll
78%
smell
78%
smoke
78%
steal
76%
violent
76%
what
76%
again
73%
close
73%
had
73%
know
73%
like
73%
Miss
73%
said
73%
they
73%
throat
73%
coat
71%
home
71%
survive
71%
sweat
71%
to
71%
won't
71%
fine
68%
says
68%
Everybody
66%
Oh
66%
oh
66%
Are
61%
someone
61%
tonight
61%
Did
56%
drive
56%
how
56%
somewhere
56%
With
56%
learn
54%
kind
51%
trying
51%
hurts
49%
best
46%
good
46%
should
44%
paint
32%
scars
32%
deep
29%
'Cause
24%
No matching quizzes found
Score Distribution
Percent of People with Each Score
Percentile by Number Answered
Your Score History
You have not taken this quiz